serun
ՀԱՅ ԳԻՐՔ = Armenian Book

Հայաստանի ճարտարապետության գանձարանը 1990-2025 / (Record no. 165899)

000 -LEADER
fixed length control field nam a22 a 4500
003 - CONTROL NUMBER IDENTIFIER
control field AM-YeNLA
005 - DATE AND TIME OF LATEST TRANSACTION
control field 20260220153859.0
007 - PHYSICAL DESCRIPTION FIXED FIELD--GENERAL INFORMATION
fixed length control field ta
008 - FIXED-LENGTH DATA ELEMENTS--GENERAL INFORMATION
fixed length control field 260220s2025 ai ao||gr|||||000|0|arm||
020 ## - INTERNATIONAL STANDARD BOOK NUMBER
International Standard Book Number 978-9939-9162-5-5
040 ## - CATALOGING SOURCE
Language of cataloging arm
Transcribing agency AM-YeNLA
041 0# - LANGUAGE CODE
Language code of text/sound track or separate title arm
100 1# - MAIN ENTRY--PERSONAL NAME
Personal name Գրիգորյան, Աշոտ Հայկազուն
245 10 - TITLE STATEMENT
Title Հայաստանի ճարտարապետության գանձարանը 1990-2025 /
Statement of responsibility, etc. Ա.Հ. Գրիգորյան ; Կազմը և ֆորզացը՝ Ա. Ուռուտյանի ; Խմբագիր՝ Վ. Կիրակոսյան ; Անգլերենի թարգմանությունը՝ Է. Մանուկյանի ; ՀՀ քաղաքաշինության կոմիտե ; Ալեքսանդր Թամանյանի անվան ճարտարապետության ազգային թանգարան-ինստիտուտ.
246 15 - VARYING FORM OF TITLE
Title proper/short title Theasury of Armenian architecture 1990-2025
260 ## - PUBLICATION, DISTRIBUTION, ETC. (IMPRINT)
Place of publication, distribution, etc. Երևան :
Name of publisher, distributor, etc. Ալ. Թամանյանի անվան ճարտարապետության ազգային թանգարան-ինստիտուտ ՊՈԱԿ,
Date of publication, distribution, etc. 2025.
300 ## - PHYSICAL DESCRIPTION
Extent 403 էջ ։
Other physical details նկար, լուսանկար ;
Dimensions 32 սմ.
500 ## - GENERAL NOTE
General note Հայաստանի ճարտարապետության գանձարանը գիրք-կատալոգը նվ. է Ալեքսանդր Թամանյանի անվան ճարտարապետության ազգային թանգարան-ինստիտուտի հիմնադրման 35-ամյակին։
500 ## - GENERAL NOTE
General note Սուպերշապիկով։
610 24 - SUBJECT ADDED ENTRY--CORPORATE NAME
Corporate name or jurisdiction name as entry element Ալեքսանդր Թամանյանի անվան ճարտարապետության ազգային թանգարան-ինստիտուտ
General subdivision Պատմություն
Form subdivision Պլաններ, նախագծեր
650 14 - SUBJECT ADDED ENTRY--TOPICAL TERM
Topical term or geographic name as entry element Հայ ճարտարապետություն
General subdivision Պատմություն
Chronological subdivision 1990-2025
700 1# - ADDED ENTRY--PERSONAL NAME
Personal name Ուռուտյան, Ա.
Relator term ձևավորող
Relator code bkd
700 1# - ADDED ENTRY--PERSONAL NAME
Personal name Կիրակոսյան, Վ.
Relator term խմբագիր
Relator code edt
700 1# - ADDED ENTRY--PERSONAL NAME
Personal name Մանուկյան, Է.
Relator term թարգմանիչ
Relator code trl
710 2# - ADDED ENTRY--CORPORATE NAME
Corporate name or jurisdiction name as entry element Հայաստանի Հանրապետության քաղաքաշինության կոմիտե
710 2# - ADDED ENTRY--CORPORATE NAME
Corporate name or jurisdiction name as entry element Ալեքսանդր Թամանյանի անվան ճարտարապետության ազգային թանգարան-ինստիտուտ
942 ## - ADDED ENTRY ELEMENTS (KOHA)
Source of classification or shelving scheme
Koha item type Books
Holdings
Withdrawn status Lost status Source of classification or shelving scheme Damaged status Not for loan Permanent Location Current Location Date acquired Inventory number Date last seen Price effective from Koha item type
          National Library of Armenia National Library of Armenia 2026-02-20 ՀԱԳ 2026-02-20 2026-02-20 Books

Հայաստանի ազգային գրադարան ՀՀ, 0009,Երևան, Տերյան 72
Հետադարձ կապ